| 000 | 00507nam a2200181 a 4500 | ||
|---|---|---|---|
| 001 | 4966 | ||
| 003 | CDMR | ||
| 005 | 20131213161540.0 | ||
| 008 | 130130s1975||||||||||||||||||||||||||||d | ||
| 020 | _a8472450708 | ||
| 040 |
_aCDMR _bcat _cCDMR |
||
| 245 | 0 |
_aL'Express _b : coversaciones sobre la nueva cultura _cRonald Barthes...[et al.] |
|
| 246 | _aL'Express va plus loin avec... | ||
| 260 |
_aBarcelona _c1975 _bKairós |
||
| 300 | _a397 p. | ||
| 650 | 0 | 4 |
_94526 _aIntel·lectuals _xIntervius |
| 942 |
_cMON _2udc |
||
| 999 |
_c4966 _d4966 |
||